Sulfentrazone: environmental dynamics and selectivity (Registro n. 9813)
[ somente texto ]
| 000 -LÍDER | |
|---|---|
| fixed length control field | 03089nab a2200301 i 4500 |
| 003 - CÓDIGO MARC DA AGÊNCIA CATALOGADORA | |
| Campo de controle | BR-BrBNA |
| 005 - DATA E HORA DA ÚLTIMA ATUALIZAÇÃO | |
| Campo de controle | 20230925150628.0 |
| 008 - CAMPO DE TAMANHO FIXO | |
| fixed length control field | 230815b2020 bl.ar|pooa||| 00| 0 eng | |
| 040 ## - FONTE DA CATALOGAÇÃO | |
| Agência catalogadora | BR-BrBNA |
| Idioma da catalogação | eng |
| 072 ## - CATEGORIA AGRIS | |
| Código AGRIS | H60 |
| 072 ## - CATEGORIA AGRIS | |
| Código AGRIS | P33 |
| 072 ## - CATEGORIA AGRIS | |
| Código AGRIS | P35 |
| 100 ## - ENTRADA PRINCIPAL - NOME PESSOAL | |
| Nome pessoal | Gehrke, V.R. |
| 100 ## - ENTRADA PRINCIPAL - NOME PESSOAL | |
| Nome pessoal | Camargo, E.R. |
| 100 ## - ENTRADA PRINCIPAL - NOME PESSOAL | |
| Nome pessoal | Avila, L.A. |
| 245 ## - TÍTULO PRINCIPAL | |
| Título principal | Sulfentrazone: environmental dynamics and selectivity |
| 500 ## - NOTA GERAL | |
| Nota geral | Publicação on-line; Ind. Lit. EZ; Bibliography p. 11-16 (92 ref.); 3 tables; 1 illus.; Summaries (En, Pt) |
| 942 ## - ADDED ENTRY ELEMENTS (KOHA) | |
| Koha item type | |
| 520 ## - NOTA DE RESUMO | |
| Nota de conteúdo | <br/><br/>ABSTRACT - Sulfentrazone is a pre-emergence herbicide that inhibits<br/>protoporphyrinogen oxidase (Protox). Its use has emphasis on areas like soybeans<br/>planted in lowlands, soybean, and sugarcane in areas of cerrado, and also in the<br/>implementation of eucalyptus afforestation. The use of sulfentrazone into resistant<br/>weed management programs mainly to glyphosate and acetolactate synthase (ALS)<br/>inhibitors has been successful. However, the information on the environmental<br/>behavior of this herbicide is limited, even more restricted when it refers to the lowland<br/>areas where problems are frequently observed regarding the selectivity of<br/>sulfentrazone, due to the soil and climatic peculiarities of this environment. In this<br/>context, the present review aims to describe the main characteristics of sulfentrazone<br/>to its environmental dynamics.<br/><br/>Keywords: triazolinone, pre-emergent, weed management, sorption. |
| 520 ## - NOTA DE RESUMO | |
| Nota de conteúdo | <br/><br/>RESUMO - O sulfentrazone é um herbicida com ação em pré-emergência que inibe<br/>a protoporfirinogênio oxidase (Protox). Sua utilização tem ênfase em áreas de<br/>expansão, como a soja em terras baixas, soja e cana-de-açúcar em áreas de cerrado,<br/>e também na implantação de florestamentos de eucalipto. A inserção do<br/>sulfentrazone em programas de manejo de plantas daninhas resistentes,<br/>principalmente ao glifosato e a inibidores da acetolactato sintase (ALS), vem<br/>obtendo sucesso. Contudo, as informações sobre o comportamento ambiental desse<br/>herbicida são limitadas, sendo ainda mais restritas quando se trata de áreas de<br/>terras baixas, onde frequentemente são observados problemas quanto à seletividade<br/>do sulfentrazone, em razão das peculiaridades edafoclimáticas desse ambiente.<br/>Nesse âmbito, esta revisão teve por objetivo relacionar as principais características<br/>do sulfentrazone com sua dinâmica ambiental e sua seletividade, compreendendo<br/>esses processos, a fim de otimizar sua utilização.<br/><br/>Palavras-chave: triazolinona, pré-emergente, manejo de plantas daninhas, sorção. |
| 650 ## - ASSUNTO - THESAGRO | |
| Cabeçalho tópico ou nome geográfico | HERBICIDA |
| 650 ## - ASSUNTO - THESAGRO | |
| Cabeçalho tópico ou nome geográfico | PRÉ-EMERGÊNCIA |
| 650 ## - ASSUNTO - THESAGRO | |
| Cabeçalho tópico ou nome geográfico | ERVA DANINHA |
| 650 ## - ASSUNTO - THESAGRO | |
| Cabeçalho tópico ou nome geográfico | SORÇÃO |
| 773 0# - ENTRADA ANALÍTICA | |
| Host Biblionumber | 886 |
| Registro do item | 1817 |
| Imprenta | Londrina-PR : Sociedade Brasileira da Ciência das Plantas Daninhas, 1978 |
| Outro identificador | 2023-031024 |
| Título | Planta Daninha (Brazil) |
| ISSN | 0100-8358; 1806-9681 (on-line) |
| Colação | v. 38 p. 1-16; (2020) |
| Número de controle de registro | BR2023000864 |
| 856 ## - ACESSO E ENDEREÇO ELETRÔNICO | |
| Identificador uniforme de recurso - URI | https://www.scielo.br/j/pd/a/v4PbQx7TzWDP3dtRg5M5LWy/?format=pdf&lang=en |
Nenhum exemplar disponível.

BINAGRI